000 01199nam0a2200313 4500
001 RU\NLR\bibl\884239
005 20250614170015.0
010 _a5-9684-0136-2
_95000
021 _aRU
_b2005-55511
_92715
035 _a(NLR Aleph) 000872788
090 _a1610039
_c1610039
100 _a20051206d2005 |||y0rusy50 ca
101 0 _arus
102 _aRU
105 _aa |||||||||
200 1 _aЗаболевания кишечника
_fЖивайкина О.В., Абрамова С.С., Грубякова Ю.В.
210 _aСанкт-Петербург
_cВектор
_d2005
215 _a124 с.
_cил.
_d20
225 1 _aДомашняя энциклопедия здоровья
606 1 _aКишечник
_xБолезни
_9953317
_3RU\NLR\auth\6635933
686 _aР413.3
700 1 _aЖивайкина
_bО. В.
_gОлеся Владимировна
_4070
701 1 _aАбрамова
_bС. С.
_gСветлана Сергеевна
_4070
701 1 _aГрубякова
_bЮ. В.
_gЮлия Викторовна
_4070
801 0 _aRU
_bNLR
_c20051206
_grcr
801 1 _aRU
_bNLR
_c20051206
942 _cBOOK
980 _aNB